| 000 | 00666nam a2200205Ia 4500 | ||
|---|---|---|---|
| 003 | GCL | ||
| 008 | 140319s9999 xx 000 0 ara d | ||
| 040 |
_aGCL / _cGCL |
||
| 082 | 0 | 4 |
_aط _b221.12 _bو م |
| 100 | 1 | _aوحدة ثقافة الطفل | |
| 245 | 1 | 0 |
_aجزء تبارك 12 / _cوحدة ثقافة الطفل |
| 260 |
_a[S.N] : _bشركة سفير ، _c1990 |
||
| 490 |
_aالمصحف المعلم للصغار والمبتدئين _v0 |
||
| 650 | 0 | 4 | _aتعليم |
| 650 | 0 | 4 | _aاشرطة التسجيل |
| 650 | 0 | 4 | _aالوسائل السمعية والبصرية |
| 650 | 0 | 4 | _aاطفال |
| 650 | 0 | 4 | _aمواد غير مطبوعة |
| 942 |
_2ddc _cBK |
||
| 999 |
_c56694 _d56694 |
||